00411nam a2200097Ia 4500008004100000100003100041245014600072260006100218650001500279999001900294160725s9999 xx 000 0 und d aBalatbat, Maria Lourdes S. aImplementation of human resources management (HRM) practices and demographic variables of employees in private higher education institutions. bKaizen Research Journal College of PsychologycJune 2013 aPSYCHOLOGY c298037d298037